000 01108nam a2200217Ia 4500
999 _c39617
_d39617
001 6217
003 GE_BSU
005 20190628184708.0
008 181216s1984|||| |||||||||||||| ||geo||
080 _a621.8(075.8) ე-39
100 _aეზიკაშვილი, ო.
_9482
245 _aმანქანათა ნაწილები(გაანგარიშების ტიპიური მაგალითები და საკონტროლო ამოცანები)
_bსახელმძღვ. /
_cო. ეზიკაშვილი ; გ. ჭელიძე ; რედ : ჩ.გურგენიძე.
264 _aთბილისი :
_bგანათლება,
_c1984.
300 _a720 გვ .:
_bილ ;
_c22 სმ.
300 _eბიბლიოგრ.:გვ.719.
504 _aბიბლიოგრ.:გვ.719
653 _aმანქანათა ნაწილები
700 _aჭელიძე, გ
_93081
700 _aგურგენიძე, გ
_eრედაქტორი
_92980
942 _cBK
_2udc